00399nam a22001577a 4500003000700000005001700007008004100024082001700065100004400082245002200126250001400148260004300162300000800205490002300213650000500236MPLRDC20220104114649.0210129b ||||| |||| 00| 0 eng d a293.23 JMWW  a将门文物出版有限公司编辑部 a如何看手相c a第一版 ab将门文物出版有限公司c1990 b平 a不可思议书系 a